[Event "Kuwait City Wafra Gulf op 3rd"]
[Site "Kuwait City"]
[Date "2024.05.18"]
[Round "8"]
[White "Saad, Amer Mohamed"]
[Black "Aaron, Sanju Thomas"]
[Result "0-1"]
[WhiteElo "2050"]
[BlackElo "1946"]
[PlyCount "104"]
[EventDate "2024.05.17"]
[EventType "swiss"]
[EventRounds "9"]
[EventCountry "KUW"]
[SourceTitle "CB21_2024"]
[SourceDate "2024.05.22"]
[SourceVersion "1"]
[SourceVersionDate "2024.05.22"]
[SourceQuality "1"]

1. c4 c6 2. g3 d5 3. Bg2 Nf6 4. Nf3 Bf5 5. cxd5 cxd5 6. Qb3 Qc7 7. Nc3 e6 8. d3 Nc6 9. 0-0 Be7 10. Nb5 Qd7 11. Bf4 0-0 12. a4 Rfc8 13. Rac1 a6 14. Nbd4 Nxd4 15. Nxd4 Bg6 16. Nf3 Bd6 17. Bxd6 Qxd6 18. Nh4 Rc7 19. Nxg6 hxg6 20. Rxc7 Qxc7 21. e4 Rd8 22. Qb4 dxe4 23. dxe4 Ng4 24. h3 Ne5 25. f4 Nd3 26. Qb3 Qc5+ 27. Kh2 Nb4 28. Rf3 Rd2 29. Qc3 Qxc3 30. bxc3 Nd3 31. Kg1 Ne1 32. Rf2 Rxf2 33. Kxf2 Nxg2 34. Kxg2 Kf8 35. Kf3 Ke7 36. Ke3 Kd6 37. Kd4 Kc6 38. g4 f6 39. h4 Kd6 40. e5+ fxe5+ 41. fxe5+ Kc6 42. Ke4 a5 43. Kd4 b5 44. axb5+ Kxb5 45. c4+ Kc6 46. h5 gxh5 47. gxh5 a4 48. Kd3 Kc5 49. Kc3 a3 50. Kb3 a2 51. Kxa2 Kxc4 52. Kb2 Kd5 0-1

[Event "Kuwait Amateur Group A"]
[Site "Kuwait"]
[Date "2017.11.11"]
[Round "7.2"]
[White "Hamdi, Emad"]
[Black "Saad, Amer Mohamed"]
[Result "0-1"]
[WhiteElo "1615"]
[BlackElo "1716"]
[PlyCount "47"]
[EventDate "2017.11.05"]
[EventType "swiss"]
[EventRounds "9"]
[EventCountry "KUW"]
[SourceTitle "EXT 2024"]
[Source "ChessBase"]
[SourceDate "2023.10.10"]
[SourceVersion "1"]
[SourceVersionDate "2023.10.10"]
[SourceQuality "1"]

1. e4 c5 2. Nf3 g6 3. c3 Bg7 4. d4 cxd4 5. cxd4 d5 6. e5 Bg4 7. Bb5+ Nd7 8. 0-0 e6 9. Nc3 Ne7 10. h3 Bxf3 11. Qxf3 a6 12. Bd3 Nc6 13. Be3 0-0 14. a3 Ndxe5 15. dxe5 Nxe5 16. Qd1 Nxd3 17. Qxd3 d4 18. Bxd4 e5 19. Rad1 exd4 20. Ne2 Qb6 21. Nxd4 Rad8 22. Qb3 Bxd4 23. Qc4 Bxf2+ 24. Kh1 0-1

[Event "Kuwait Amateur Group A"]
[Site "Kuwait"]
[Date "2017.11.08"]
[Round "4.3"]
[White "Saad, Amer Mohamed"]
[Black "Alkahlawy, Amir"]
[Result "1-0"]
[WhiteElo "1716"]
[BlackElo "1613"]
[PlyCount "54"]
[EventDate "2017.11.05"]
[EventType "swiss"]
[EventRounds "9"]
[EventCountry "KUW"]
[SourceTitle "EXT 2024"]
[Source "ChessBase"]
[SourceDate "2023.10.10"]
[SourceVersion "1"]
[SourceVersionDate "2023.10.10"]
[SourceQuality "1"]

1. c4 Nf6 2. g3 g6 3. Bg2 Bg7 4. Nc3 c5 5. d3 Nc6 6. a3 Rb8 7. Rb1 d6 8. b4 Nd7 9. Bd2 0-0 10. Nh3 e6 11. 0-0 Nde5 12. bxc5 dxc5 13. f4 Nd7 14. Bxc6 bxc6 15. Qa4 Qc7 16. Ne4 f5 17. Neg5 Nb6 18. Qa5 Qe7 19. Nf3 e5 20. fxe5 Bxe5 21. Nxe5 Qxe5 22. Bf4 Qd4+ 23. e3 Qxd3 24. Bxb8 Qxe3+ 25. Rf2 Nxc4 26. Qe1 Qxa3 27. Bf4 Qd3 1-0